Yüklüyor......

Enemy territory /

Detaylı Bibliyografya
Yazar: Terman, Douglas
Materyal Türü: Printed Book
Dil:English
Baskı/Yayın Bilgisi: New York : Bantam Books, 1990.
Konular:
LEADER 00474nam a2200145Ia 4500
008 150623b xxu||||| |||| 00| 1 eng d
082 |a 823.912T4 
100 |a Terman, Douglas 
245 |a Enemy territory /  |c Douglas Terman 
260 |a New York :  |b Bantam Books,  |c 1990. 
300 |a 402 p. 
650 |v Fiction 
942 |c BK 
999 |c 44128  |d 44128 
952 |0 1  |1 0  |4 1  |6 823_000000000000000_912T4_ENE  |7 0  |9 44119  |a UL  |b UL  |c ST1  |d 1998-09-24  |l 0  |o 823.912T4 ENE  |p 64852  |r 2012-10-27  |w 2012-10-27  |y BK